000
00293nam a2200097Ia 4500
008
220204s9999 xx 000 0 und d
100
_a
Ballaney, PL
245
0
_a
Heat engines: Including basic thermodynamics. V !. Mechanical engineering
260
_a
Delhi
_b
Khanna Publishers
_c
1975
942
_c
BK
999
_c
23007
_d
23007